Fire Emblem Heroes: Book 3 - Statistics

General Stats
  • This quiz has been taken 15 times
  • The average score is 79 of 137
Answer Stats
Hint Source Answer % Correct
Three Houses 3H Byleth: Proven Professor
100%
Three Houses 3H Byleth: Tested Professor
100%
Three Houses 3H Claude: The Schemer
100%
Three Houses 3H Dimitri: The Protector
100%
Three Houses 3H Edelgard: The Future
100%
Brave Echoes Valentia Alm: Imperial Ascent
80%
Legendary Hero Valentia Alm: Saint-King
80%
A Splendid Soiree Valentia Berkut: Debonair Noble
80%
Darkness Within Valentia Berkut: Purgatorial Prince
80%
Mythic Hero Valentia Duma: God of Strength
80%
Gifts of Winter Sacred Eirika: Gentle as Snow
80%
Mythic Hero Heroes Eir: Merciful Death
80%
Legendary Hero Blazing Eliwood: Blazing Knight
80%
Brave Echoes Blazing Eliwood: Marquess Pherae
80%
Desert Mercenaries Sacred Gerik: Desert Tiger
80%
Greil's Devoted PoR Greil: Heroic Exemplar
80%
A Monstrous Harvest Blazing Hector: Dressed-Up Duo
80%
Guardians of Peace Binding Igrene: Nabata Protector
80%
Greil's Devoted PoR Ike: Stalwart Heart
80%
Legendary Hero Thracia Leif: Unifier of Thracia
80%
A Season for Picnics Fates Leo: Extra Tomatoes
80%
Out of Gallia RD Lethe: Gallia’s Valkyrie
80%
Summer Refreshes Binding Lilina: Beachside Bloom
80%
Bridal Belonging Blazing Louise: Eternal Devotion
80%
A Season for Picnics Valentia Lukas: Buffet for One
80%
Summer Refreshes Blazing Lyn: Lady of the Beach
80%
Brave Echoes RD Micaiah: Queen of Dawn
80%
Greil's Devoted PoR Mist: Purest Spirit
80%
Regal Rabbits Archanea Palla: Eldest Bun-Bun
80%
Changing Winds 3H Petra: Princess of Brigid
80%
Legendary Hero Binding Roy: Blazing Lion
80%
Greil's Devoted PoR Soren: Addled Strategist
80%
Mythic Hero 3H Sothis: Girl on the Throne
80%
Greil's Devoted PoR Titania: Warm Knight
80%
Mythic Hero RD Altina: Dawn’s Trueblade
60%
Out of Gallia RD Caineghis: Gallia’s Lion King
60%
Brave Echoes Fates Camilla: Light of Nohr
60%
Hostile Springs Fates Camilla: Steamy Secrets
60%
Zofia's Call Valentia Catria: Mild Middle Sister
60%
Gifts of Winter Binding Cecilia: Festive Instructor
60%
Guardians of Peace Binding Chad: Lycian Wildcat
60%
Darkness Within Fates Corrin: Wailing Soul
60%
Changing Winds 3H Death Knight: The Reaper
60%
A Monstrous Harvest Sacred Dozla: Harvest Attendant
60%
Desert Mercenaries Sacred Ephraim: Dynastic Duo
60%
Gifts of Winter Sacred Ephraim: Sparkling Gallantly
60%
Gifts of Winter Binding Fae: Holiday Dear
60%
Bridal Belonging Heroes Fjorm: Bride of Rime
60%
New Year's of Fire and Ice Heroes Fjorm: New Traditions
60%
Summer Returns Heroes Gunnthrá: Beaming Smile
60%
New Year's of Fire and Ice Heroes Gunnthrá: Year’s First Dream
60%
Summer Returns Heroes Helbindi: Seaside Scourge
60%
New Year's of Fire and Ice Heroes Hríd: Resolute Prince
60%
Changing Winds 3H Hubert: Sinister Servant
60%
Beyond Darkness Binding Idunn: Dark Priestess
60%
A Splendid Soiree Thracia Ishtar: Thunder’s Waltz
60%
Legendary Hero Genealogy Julia: Crusader of Light
60%
Summer Returns Heroes Laegjarn: Burning Sun
60%
New Year's of Fire and Ice Heroes Laegjarn: New Experiences
60%
Summer Returns Heroes Laevatein: Bonfire’s Blaze
60%
New Year's of Fire and Ice Heroes Laevatein: Kumade Warrior
60%
A Monstrous Harvest Sacred L’Arachel: Harvest Princess
60%
Rulers of the Laguz RD Leanne: Forest’s Song
60%
Regal Rabbits Heroes Loki: Spring Trickster
60%
Beyond Darkness Binding Lugh: Anima Child
60%
Darkness Within Thracia Mareeta: The Blade’s Pawn
60%
Regal Rabbits Sacred Marisa: Crimson Rabbit
60%
Out of Gallia RD Mordecai: Kindhearted Tiger
60%
Rulers of the Laguz RD Naesala: Sky’s Shadow
60%
Mythic Hero Archanea +Awakening Naga: Dragon Divinity
60%
Rulers of the Laguz RD Nailah: Unflinching Eye
60%
A Splendid Soiree PoR Nephenee: Sincere Dancer
60%
Out of Gallia RD Ranulf: Friend of Nations
60%
A Splendid Soiree Thracia Reinhardt: Lightning’s Rondo
60%
Rulers of the Laguz RD Reyson: White Prince
60%
A Splendid Soiree Valentia Rinea: Reminiscent Belle
60%
A Monstrous Harvest PoR Rolf: Tricky Archer
60%
Beyond Darkness Binding Rutger: Lone Swordsman
60%
Zofia's Call Valentia Silque: Adherent of Mila
60%
Beyond Darkness Binding Sue: Doe of the Plains
60%
Desert Mercenaries Sacred Tethys: Beloved Dancer
60%
Beyond Darkness Binding Thea: Stormy Flier
60%
Mythic Hero Heroes Thrasir: Omnicidal Witch
60%
Rulers of the Laguz RD Tibarn: Lord of the Air
60%
Darkness Within Archanea Tiki: Torpid Dragon
60%
Summer Refreshes Blazing Ursula: Clear-Blue Crow
60%
Zofia's Call Valentia Valbar: Open and Honest
60%
Regal Rabbits Heroes Veronica: Spring Princess
60%
Summer Refreshes Binding Wolt: Sunbeam Archer
60%
Summer Returns Heroes Ylgr: Breaking the Ice
60%
Mythic Hero RD Yune: Chaos Goddess
60%
Legendary Hero Fates Azura: Vallite Songstress
40%
Guardians of Peace Binding Brunnya: Devoted General
40%
Regal Rabbits Heroes Bruno: Masked Hare
40%
Zofia's Call Valentia Conrad: Masked Knight
40%
Darkness Within Valentia Delthea: Tatarrah's Puppet
40%
Guardians of Peace Binding Echidna: Unyielding Idealist
40%
Hostile Springs Fates Elise: Bubbling Flower
40%
Desert Mercenaries Sacred Ewan: Eager Student
40%
A Season for Picnics Fates Felicia: Off the Menu
40%
Summer Refreshes Blazing Fiora: Defrosted Ilian
40%
A Season for Picnics Fates Flora: Signature Dish
40%
Zofia's Call Valentia Forsyth: Loyal Lieutenant
40%
A Season for Picnics Valentia Genny: Dressed with Care
40%
Out of Gallia RD Haar: Black Tempest
40%
Changing Winds 3H Hilda: Idle Maiden
40%
Hostile Springs Fates Hinoka: Relaxed Warrior
40%
A Monstrous Harvest PoR Ilyana: Treat Harvester
40%
Kitsune and Wolfskin Fates Kaden: Kitsune Braggart
40%
Kitsune and Wolfskin Fates Keaton: Lupine Collector
40%
Three Houses 3H Kronya: Gleaming Blade
40%
Guardians of Peace Binding Larum: Sprightly Dancer
40%
Changing Winds 3H Mercedes: Kindly Devotee
40%
The Chosen Ones Archanea Nagi: Dragon Avatar
40%
Kitsune and Wolfskin Awakening Panne: Proud Taguel
40%
Bridal Belonging Blazing Pent: Fancy Fiancé
40%
Guardians of Peace Binding Perceval: Knightly Ideal
40%
The Chosen Ones Archanea Phina: Roving Dancer
40%
Zofia's Call Valentia Python: Apathetic Archer
40%
Desert Mercenaries Sacred Ross: His Father’s Son
40%
Hostile Springs Fates Ryoma: Samurai at Ease
40%
Hostile Springs Fates Sakura: Hot-Spring Healer
40%
Kitsune and Wolfskin Fates Selkie: Free Spirit
40%
Brave Echoes PoR Sigrun: Loyal Protector
40%
Bridal Belonging PoR Sigrun: Steadfast Bride
40%
The Chosen Ones Archanea Sirius: Mysterious Knight
40%
Bridal Belonging PoR Tanith: Forthright Heart
40%
Kitsune and Wolfskin Fates Velouria: Wolf Cub
40%
The Chosen Ones Archanea Astram: Midia’s Hero
20%
The Chosen Ones Archanea Bantu: Tiki’s Guardian
20%
From a Future Past Awakening Brady: Daunting Priest
20%
Desert Mercenaries Sacred Cormag: Aloof Lanceman
20%
From a Future Past Awakening Cynthia: Hero Chaser
20%
From a Future Past Awakening Kjelle: Fair Fighter
20%
From a Future Past Awakening Nah: Little Miss
20%
The Chosen Ones Archanea Norne: The Volunteer
20%
From a Future Past Awakening Yarne: Timid Taguel
20%
No matching quizzes found
Score Distribution
Percent of People with Each Score
Percentile by Number Answered
Your Score History
You have not taken this quiz